Datos básicos de las comarcas catalanas / Consorci d'Informació i Documentació de Catalunya
Descripción Física:
70 p. ; 22 x 31 cm
MARC
| LEADER | 00000nam a2200000Ia 4500 | ||
|---|---|---|---|
| 001 | 14069 | ||
| 008 | 160829s9999 xx 000 0 cat d | ||
| 080 | |a M-4-109 | ||
| 245 | |a Datos básicos de las comarcas catalanas / Consorci d'Informació i Documentació de Catalunya | ||
| 260 | |a Barcelona : |b CIDC, DL 1977 | ||
| 300 | |a 70 p. ; |c 22 x 31 cm | ||
| 590 | |a Conté: Variables demográficas. Censo 1970 ; Empleo localizado por centros. Año 1970 ; Serie histórica de inversiones industriales ; Equipamiento hospitalario. Año 1975 ; Sector educativo. Curso 1974-75 | ||
| 650 | |a Catalunya |x Estadístiques demogràfiques |9 24319 | ||
| 651 | 0 | |a Catalunya |v Estadístiques |9 55591 | |
| 710 | 2 | |a Consorci d'Informació i Documentació de Catalunya |9 54862 | |
| 901 | |a Arxiu | ||
| 942 | |n 1 | ||
| 952 | |0 0 |1 0 |4 0 |6 M4109 |7 1 |9 46959 |a Arxiu |b Arxiu |d 2016-12-01 |l 0 |o M-4-109 |p 14069 |r 2016-12-01 00:00:00 |w 2016-12-01 |y ARXIU | ||
| 999 | |c 50752 |d 50752 | ||